Statystyki dla Jak dobrze znasz Niemcy?

Kliknij tutaj aby rozwiązać quiz!

Ogólne statystyki

  • Ten quiz został rozwiązany 195 razy
  • Średni wynik to 7 z 17

Statystyki odpowiedzi

PytanieOdpowiedź% Poprawnych
Jakie stanowisko zajmuje Angela Merkel?Kanclerz
82%
W którym roku Adolf Hitler został kanclerzem?1933
77%
Jakie jest najmniejsze państwo z którym graniczą NiemcyLuksemburg
74%
W którym roku RFN i NRD połączyły się w jedno państwo?1990
71%
Jak Niemcy nazywały się podczas drugiej wojny światowej?III Rzesza
66%
Jaka jest pełna nazwa Niemiec?Republika Federalna Niemiec
52%
Ile Niemcy mają mieszkańców w zaokrągleniu do góry, podaj w milionach83
51%
Kogo określano żelaznym kanclerzem?Otto von Bismarck
44%
Jakie plemiona tworzyły Niemcy? (ogólna nazwa)Germańskie
43%
Z jakiego państwa w ówczesnym świecie się wywodził?Prusy
37%
Kiedy państwa niemiecki zjednoczyły się ostatecznie?1871
25%
Kto był kanclerzem RFN w latach 1949–1963?Konrad Adenauer
23%
Jak tłumacząc na Polski brzmi hymn Niemiec?Pieśń Niemiec
9%
Jak nazywała się dynastia z Szwabii?Hohenzollernowie
7%
Kto był pierwszym władcą plemion germańskich?Karol Wielki
7%
Pierwszą stolicą Niemiec było?Quedlinburg
3%
Kto był ostatnim kanclerzem cesarstwa Niemieckiego?Wilhelm II Hohenzollern
3%

Rozkład punktacji

Percentyl według liczby udzielonych odpowiedzi

Procent ludzi z każdym wynikiem

Twoja historia wyników

Nie rozwiązałeś tego quizu